000 00211nam a22000857a 4500
008 170201b xxu||||| |||| 00| 0 eng d
100 _92725
_aVavghn.S.
245 _aScience Projects-5-6
260 _aU.S.A.
_bSteek
_c2003
999 _c5892
_d5892